000
00306nam a2200133Ia 4500
008
231129s1979||||xx |||||||||||||| ||spa||
040
_b
spa
082
_a
320.9861 M528s
100
_a
Melo Jorge Orlando
245
0
_a
Sobre historia y politica
260
_c
1979
264
_a
Lealon
942
_2
ddc
_c
BKS
999
_c
24717
_d
24717